| 000 | 01030nam a2200229 4500 | ||
|---|---|---|---|
| 003 | CO-ViMGA | ||
| 020 | _a9786076181805 | ||
| 020 | _a9786076181812 | ||
| 020 | _a9786076181829 | ||
| 020 | _a9786076181836 | ||
| 040 |
_aCO-ViMGA _bspa _cCO-ViMGA |
||
| 090 | _aC MENd | ||
| 100 | 1 |
_aMenard, Valerie _912476 |
|
| 245 | 1 | 0 |
_aDora la exploradora ¡Celebremos! : _bMi pequeña biblioteca / _cValerie Menard |
| 260 |
_aMexico : _bSilver Dolphin, _c2014 |
||
| 300 |
_a3 libros con 10 paginas c/u : _b25.5 cm x 20.3 cm |
||
| 500 | _avol. 1 : ¡Viva el reino de cristal!, vol. 2 : Una fiesta en patines, vol. 3 ¡Feliz cumpleaños Dora! | ||
| 520 | _aDora organizó una fiesta por su cumpleaños. ¡Su familia y sus amigos estarán ahí! ¡Y tú también estás invitado! ¡Que comience el festejo! ¡Acompaña a Dora y a botas en el festejo por haber salvado el Reino de Cristal y también conoce a todos sus nuevos amigos! | ||
| 650 | 1 | 4 |
_aCuentos infantiles _9487 |
| 650 | 1 | 4 |
_aLibros de cuentos ilustrados _912477 |
| 942 |
_2ddc _cBK |
||
| 999 |
_c37009 _d37009 |
||